000 00432cam a22001337a 4500
008 180718b1982 xxu||||| |||| 00| 0 eng d
082 _aAPPPA 81-82 GUP
100 _aGupta, A.S.
245 _aDisciplinary proceedings against the employees in railways
_cby A.S. Gupta
260 _aNew Delhi
_bIndian Institute of Public Administration
_c1982
300 _a150p.
650 _aEmployees-Railways
650 _aDisciplinary proceedings
999 _c501304
_d501304